Proyecto fortalecimiento para el desarrollo de empresas rurales a partir de productos de la biodiversidad en el Cabo de La Vela, departamento de la Guajira (Registro nro. 4650)

Detalles MARC
000 -CABECERA
Campo de control 00679nam a2200193 a 4500
005 - FECHA Y HORA DE LA ULTIMA TRANSACCION
Campo de control 20141222111755.0
008 - ELEMENTOS DE LONGITUD FIJA—INFORMACION GENERAL
Campo de control 140123b2003 ck ||||| |||| 00| 0 spa d
040 ## - FUENTE DE CATALOGACIÓN
Agencia transcriptora CO-BoIH
041 ## - IDIOMA
Código de idioma para texto/pista de sonido o título separado Español
044 ## - PAÍS DE PUBLICACIÓN
País de publicación Colombia
090 ## - CLASIFICACIÓN LOCAL
Colección IAVH
Consecutivo 00379
100 ## - ASIENTO PRINCIPAL--NOMBRE PERSONAL
Nombre personal Gallo Peña, Helena María
245 ## - MENCION DE TITULO
Título Proyecto fortalecimiento para el desarrollo de empresas rurales a partir de productos de la biodiversidad en el Cabo de La Vela, departamento de la Guajira
Parte restante del título factibilidad del cultivo de algas marinas consultoria fase II
260 ## - PUBLICACION, DISTRIBUCION, ETC. (PIE DE IMPRENTA)
Lugar de publicación, distribución, etc. s.l.
Nombre del editor, distribuidor, etc. CORPOGUAJIRA
Fecha de publicación, distribución, etc. 2003
300 ## - DESCRIPCION FISICA
Extensión 51 p.
700 ## - ASIENTO SECUNDARIO - NOMBRE PERSONAL
Nombre personal Rincones León, Raúl Ernesto
942 ## - ELEMENTOS ADICIONALES (KOHA)
Tipo de ítem Informe Técnico
Sistema de clasificación Local
945 ## - PROCESAMIENTO LOCAL
AAAA-MM-DD - Fecha de ingreso o modificacion 2005-07-08
Existencias
Withdrawn status Lost status Sistema de Clasificación Damaged status No para préstamo Colección Inventariado Ubicación Permanente Ubicación actual Fecha de adquisición Fuente de Valor Total Checkouts Número topográfico Inventario / Código de Barras Checked out Date last seen Date checked out Ejemplar Price effective from Forma de adquisición Tipo de material
    Local     Humboldt Inventariado 2017 Bogotá Bogotá 08/07/2005 Lozada,Paola 1 IAVH-00379 019347 04/05/2026 10/04/2026 10/04/2026 Ej. 1 04/12/2012   Informe Técnico